000 00488pab a2200169 454500
008 180718b2005 xxu||||| |||| 00| 0 eng d
100 _aSinha, Shantha
245 _aEmphasising universal principles towards deepending of democracy: actualising children's right to education
260 _c2005
300 _ap.2569-576.
362 _a18 Jun
650 _aDemocracy
650 _aChildren
650 _aRight to education
773 _aEconomic and Political Weekly
909 _a65649
999 _c65649
_d65649